书目信息 |
| 题名: |
罗马旅行Let's Go
|
|
| 作者: | ;亲历者编辑部 编著 | |
| 分册: | ||
| 出版信息: | 北京 中国铁道出版社 2013.11 |
|
| 页数: | 10,227页 | |
| 开本: | 21cm | |
| 丛书名: | 旅游书架 | |
| 单 册: | ||
| 中图分类: | K954.69 | |
| 科图分类: | ||
| 主题词: | 旅游指南--罗马 , 旅游指南 | |
| 电子资源: | ||
| ISBN: | 978-7-113-17163-6 | |
| 000 | 01038oam2 2200301 450 | |
| 001 | 006258540 | |
| 005 | 20140610164712.10 | |
| 010 | @a978-7-113-17163-6@dCNY39.80 | |
| 100 | @a20131028d2013 em y0chiy0110 ea | |
| 101 | 0 | @achi |
| 102 | @aCN@b110000 | |
| 105 | @aab z 000yy | |
| 106 | @ar | |
| 200 | 1 | @a罗马旅行Let's Go@9luo ma lu^ xing Let's Go@e最新畅销版@f《亲历者》编辑部编著 |
| 210 | @a北京@c中国铁道出版社@d2013.11 | |
| 215 | @a10,227页@c地图,图@d21cm | |
| 225 | 2 | @a旅游书架 |
| 225 | 2 | @a亲历者旅行指南@i人书旅行 |
| 330 | @a本书首先介绍了罗马的概况以及去罗马应做的准备,之后又详尽地介绍了罗马的交通和住宿,又有罗马旅行Top10和计划书支招,搭地铁玩罗马十分具有创意,让人不必费心就能领略罗马的独特魅力。 | |
| 333 | @a旅游爱好者 | |
| 461 | 0 | @12001 @a旅游书架 |
| 462 | 0 | @12001 @a亲历者旅行指南@i人书旅行 |
| 606 | 0 | @a旅游指南@y罗马 |
| 606 | 0 | @a旅游指南 |
| 690 | @aK954.69@v5 | |
| 711 | 02 | @a亲历者编辑部@9qin li zhe bian ji bu@4编著 |
| 801 | 0 | @aCN@b人天书店@c20131028 |
| 905 | @b845545-47@dK954.69@e269@f3 | |
| 罗马旅行Let's Go:最新畅销版/《亲历者》编辑部编著.-北京:中国铁道出版社,2013.11 |
| 10,227页:地图,图;21cm.-(旅游书架).-(亲历者旅行指南.人书旅行) |
| 使用对象:旅游爱好者 |
| ISBN 978-7-113-17163-6:CNY39.80 |
| 本书首先介绍了罗马的概况以及去罗马应做的准备,之后又详尽地介绍了罗马的交通和住宿,又有罗马旅行Top10和计划书支招,搭地铁玩罗马十分具有创意,让人不必费心就能领略罗马的独特魅力。 |
| ● |
| 相关链接 |
|
|
|
|
正题名:罗马旅行Let's Go
索取号:K954.69/269
 
预约/预借
| 序号 | 登录号 | 条形码 | 馆藏地/架位号 | 状态 | 备注 |
| 1 | 845545 | 208455456 | 第二样本阅览室/ [索取号:K954.69/269] | 在馆 | |
| 2 | 845546 | 208455465 | 第二借阅区/ [索取号:K954.69/269] | 在馆 | |
| 3 | 845547 | 208455474 | 密集书库-资源管理系/ [索取号:K954.69/269] | 在馆 |